Arbitration : law and practice in Tanzania /

Сохранить в:
Библиографические подробности
Главный автор: Mashamba, Clement J.
Формат:
Опубликовано: Dar es Salaam: Theophlus enterprises, c2015.
Предметы:
Метки: Добавить метку
Нет меток, Требуется 1-ая метка записи!

MARC

LEADER 00000cam a2200000 i 4500
005 20260414071535.0
020 |a 9789987923120 
040 |a MCCL  |b eng.  |e AACR 2nd rev. ed. 
082 |a 347.09678 MAS 
100 1 |a Mashamba, Clement J., 
245 1 0 |a Arbitration :  |b law and practice in Tanzania /  |c Clement J. Mashamba. 
260 |a Dar es Salaam:  |b Theophlus enterprises,  |c c2015. 
300 |a xxviii, 232 pages ;  |c 25 cm 
504 |a Includes bibliographical references (pages 224-231). 
546 |a eng. 
650 0 |a Arbitration and award  |z Tanzania. 
942 |c BK 
999 |c 12586  |d 12586